000 00615nam a2200205Ia 4500
005 20260429112019.0
008 260429s9999||||xx |||||||||||||| ||und||
020 _a9781032637426
041 _aEnglish
082 _a650.071
_bRIV
100 _aRivers, Christine
245 0 _aMindfulness and business education :
_bdeveloping self-aware future leaders – a practical guide /
_cChristine Rivers
250 _a1st ed.
260 _aNew Delhi :
_bRoutledge,
_c2025.
300 _axi, 153 p.; hb
650 _a Business education
650 _a Leadership development
650 _aMindfulness
942 _cTB
999 _c51889
_d51889